000 00706nam a2200229Ia 4500
003 OSt
005 20220926014125.0
006 a|||||r|||| 00| 0
007 ta
008 220923b |||||||| |||| 00| 0 eng d
037 _cGeneral Book
040 _aRTL
_cRTL
_beng
041 _2eng
_aeng
082 _aXoaY.73.N7, L2
100 _aLuthans Fred
245 0 _aReadings on the Current Social Issues in Business
_bPoverty,civil rights,ecology, and consumerism
260 _aNew York
_bMacmillan Company
_c1972
300 _a312p
_ccm.
700 _a Hodgetts Richard M
942 _hXoaY.73.N7, L2
_cGB
_2CC
999 _c627920
_d627920